000 00321nam a2200133Ia 4500
008 191201s2010 xx 000 0 und d
100 _aGREENLAW, Raymond
245 0 _aInline online fundamental of the internet
250 _a2nd
260 _c2010
_bTMH
_aN. delhi
300 _a696
650 _aCSE
942 _2ddc
_cBB
_04
999 _c7455
_d7455